АСУ для метрологов - универсальный программный комплекс АСМО; Промышленные АСУ и контроллеры; № 8

Détails bibliographiques
Parent link:Промышленные АСУ и контроллеры: ежемесячный научно-технический производственный журнал.— , 2002-
№ 8.— 2006.— С. 12-15
Auteur principal: Волоцкой Д. М.
Langue:russe
Publié: 2006
Collection:АСУ для промышленных предприятий
Sujets:
Format: Chapitre de livre
KOHA link:https://koha.lib.tpu.ru/cgi-bin/koha/opac-detail.pl?biblionumber=403132

MARC

LEADER 00000naa2a2200000 4500
001 403132
005 20231101065850.0
035 |a (RuTPU)RU\TPU\prd\49148 
090 |a 403132 
100 |a 20070214a2006 k y0rusy50 ca 
101 0 |a rus 
102 |a RU 
200 1 |a АСУ для метрологов - универсальный программный комплекс АСМО  |f Д. М. Волоцкой 
225 1 |a АСУ для промышленных предприятий 
461 0 |0 (RuTPU)RU\TPU\prd\2287  |t Промышленные АСУ и контроллеры  |o ежемесячный научно-технический производственный журнал  |d 2002- 
463 0 |0 (RuTPU)RU\TPU\prd\46834  |t № 8  |v С. 12-15  |d 2006 
610 1 |a метрология 
610 1 |a предприятия 
610 1 |a метрологические службы 
610 1 |a программные комплексы 
610 1 |a программные решения 
610 1 |a система тарификации 
610 1 |a средства измерений 
700 1 |a Волоцкой  |b Д. М. 
801 1 |a RU  |b 63413507  |c 20070214  |g PSBO 
942 |c BK